| 000 | 02558cas a2200589 a 4500 | ||
|---|---|---|---|
| 001 | data | ||
| 005 | 20260322212114.0 | ||
| 008 | data | ||
| 010 | _a 95652863 | ||
| 015 |
_aGB9532116 _2bnb |
||
| 016 | 7 |
_a009858450 _2Uk |
|
| 019 |
_a1204555275 _a663099899 _a1063412768 _a1204555275 |
||
| 022 | _a1355-2554 | ||
| 023 | 0 | _a1355-2554 | |
| 029 | 1 |
_aAU@ _b000011553108 |
|
| 029 | 1 |
_aNZ1 _b3008838 |
|
| 029 | 1 |
_aNZ1 _b9736565 |
|
| 029 | 1 |
_aUKMGB _b009858450 |
|
| 035 | _a(OCoLC)32343170 | ||
| 040 |
_aDLC _beng _cDLC _dOCLCQ _dOCL _dWAU _dIUL _dCLU _dOCLCQ _dUKMGB _dOCLCO _dOCLCF _dCQ$ _dOCLCO _dDLC _dAPUMS _dOCLCQ |
||
| 042 | _apcc | ||
| 050 | 0 | 0 |
_aHB615 _b.I58 |
| 082 | 0 | 0 |
_a338/.04/05 _220 |
| 245 | 0 | 0 | _aInternational journal of entrepreneurial behaviour & research. |
| 246 | 3 | _aInternational journal of entrepreneurial behaviour and research | |
| 260 |
_aBirmingham, AL : _aBirmingham, AL : _bMCB University Press, Ltd., _c©1995- |
||
| 300 |
_avolumes : _billustrations ; _c25 cm |
||
| 310 |
_a6 no. a year, _b1999- |
||
| 321 |
_aThree times a year, _b1995-1998 |
||
| 336 |
_atext _btxt _2rdacontent |
||
| 337 |
_aunmediated _bn _2rdamedia |
||
| 338 |
_avolume _bnc _2rdacarrier |
||
| 362 | 0 | _aVol. 1, no. 1- | |
| 500 | _aTitle from cover. | ||
| 530 | _aAlso issued online via the World Wide Web. | ||
| 650 | 0 |
_aEntrepreneurship _vPeriodicals. |
|
| 650 | 7 |
_aEntrepreneurship. _2fast _0(OCoLC)fst00912787 |
|
| 653 | 0 | _aEntrepreneurship | |
| 655 | 7 |
_aPeriodicals. _2fast _0(OCoLC)fst01411641 |
|
| 776 | 1 |
_tInternational journal of entrepreneurial behaviour & research (Online) _x1758-6534 _w(OCoLC)45281281 _w(OCoLC)45281281 |
|
| 859 | 4 | 1 |
_uhttp://firstsearch.oclc.org _zAddress for accessing the journal using authorization number and password through OCLC FirstSearch Electronic Collections Online. Subscription to online journal required for access to abstracts and full text |
| 859 | 4 | 1 |
_uhttp://firstsearch.oclc.org/journal=1355-2554;screen=info;ECOIP _zAddress for accessing the journal from an authorized IP address through OCLC FirstSearch Electronic Collections Online. Subscription to online journal required for access to abstracts and full text |
| 859 | 4 | 1 | _uhttp://www.emeraldinsight.com/1355-2554.htm |
| 906 |
_a7 _bcbc _cserials _du _encip _f19 _gn-oclcserc |
||
| 590 | _aSERBIB/SERLOC merged record | ||
| 890 |
_aInternational journal of entrepreneurial behaviour & research. _i95-652863 |
||
| 920 | _aKeep 1 | ||
| 985 | _eeserial 200406 | ||
| 991 |
_bc-GenColl _hHB615 _i.I58 _wSERIALS |
||
| 992 |
_bSER _wSERLOC |
||
| 999 |
_c1715 _d1715 |
||